000 00610nam a2200193Ia 4500
008 240729s9999 xx 000 0 und d
022 _a2661-3344
245 0 _aInternational Journal of Mathematics for Industry
260 _aSingapore
260 _bWorld Scientific Publishing
650 _a Applied mathematics. Quantitative methods | Science
650 _a Industrial engineering. Management engineering
650 _a Mathematics
650 _a Technology (General)
650 _aTechnology
856 _uhttps://doaj.org/toc/2355ca3a041d4021a025e644a76432c0
942 _2ddc
942 _cDOAJEJ
999 _c68832
_d68832
945 _a1
_bMadushi Gamage
_c1
_dMadushi Gamage